Time to be prompted into action (Record no. 70110)
[ view plain ]
| 000 -LEADER | |
|---|---|
| fixed length control field | 01176cam a2200193 4500 |
| 001 - CONTROL NUMBER | |
| control field | ABS65428 |
| 008 - FIXED-LENGTH DATA ELEMENTS--GENERAL INFORMATION | |
| fixed length control field | 020429n2002 000 0 eng u |
| 035 ## - SYSTEM CONTROL NUMBER | |
| System control number | (Sirsi) u117745 |
| 100 ## - MAIN ENTRY--PERSONAL NAME | |
| Personal name | Castorina, G |
| 245 ## - TITLE STATEMENT | |
| Title | Time to be prompted into action |
| 260 ## - PUBLICATION, DISTRIBUTION, ETC. | |
| Date of publication, distribution, etc. | 2002 |
| 490 ## - SERIES STATEMENT | |
| Series statement | Estates Gazette |
| Volume/sequential designation | (0215) 13 April 2002, 127(1) |
| 520 ## - SUMMARY, ETC. | |
| Summary, etc. | Looks at how applications to review administrative decisions face tight deadlines, but how, for planning decisions, courts have adopted an inconsistent approach to concept of promptness. Points out that the rules governing time limits for submitting applications to court for permission to apply for judicial review of administrative decisions are unclear. Cites case of 'R v Hammersmith and Fulham London Borough Council, ex parte Burkett[2001]', where a judgment from the House of Lords is expected on this concept. Observes that the courts appear to want a third party to closely monitor progress of a planning application. |
| 590 ## - LOCAL NOTE (RLIN) | |
| Local note | ABS |
| 650 ## - SUBJECT ADDED ENTRY--TOPICAL TERM | |
| Topical term or geographic name entry element | R V HAMMERSMITH AND FULHAM LBC EX P BURKETT |
| 650 ## - SUBJECT ADDED ENTRY--TOPICAL TERM | |
| Topical term or geographic name entry element | PLANNING APPLICATIONS |
| 690 ## - LOCAL SUBJECT ADDED ENTRY--TOPICAL TERM (OCLC, RLIN) | |
| Topical term or geographic name as entry element | ENVIRONMENTAL AND LAND CONSULTANCY-PLANNING AND DEVELOPMENT |
| 942 ## - ADDED ENTRY ELEMENTS (KOHA) | |
| Suppress in OPAC | 0 |
| Withdrawn status | Lost status | Source of classification or shelving scheme | Damaged status | Not for loan | Home library | Current library | Shelving location | Date acquired | Total Checkouts | Full call number | Barcode | Date last seen | Copy number | Price effective from | Koha item type |
|---|---|---|---|---|---|---|---|---|---|---|---|---|---|---|---|
| Dewey Decimal Classification | London | London | Journal article | 29/04/2002 | ABS65428 | 117745-1001 | 06/08/2019 | 1 | 06/08/2019 | Journal article |